| 000 | 00625nam a2200229Ia 4500 | ||
|---|---|---|---|
| 001 | 3367 | ||
| 003 | GE_BSU | ||
| 008 | 181216s||||||||xx |||||||||||||| ||und|| | ||
| 040 | _cGE_BSU | ||
| 080 | _a621.3 | ||
| 100 | _aКасаткин,А.С. Перекалин,М.А. | ||
| 245 | _aЭлектротехника. | ||
| 245 | _cРед.Булгаков. | ||
| 250 | _aИзд. 10-е, стереотипное. | ||
| 260 | _aМ. | ||
| 260 | _bГосэнергоиздат. | ||
| 260 | _c1963. | ||
| 300 | _a460 стр. с илл. 26см. | ||
| 300 | _eтабл. | ||
| 653 | _aЭлектротехника. | ||
| 942 | _cBK | ||
| 999 |
_c37408 _d37408 |
||